000 00837nam a22002177a 4500
001 37938
003 BD-RjUL
005 20211209052707.0
008 150813s1901 ii ||||| |||| 00| 0 ben d
035 _a(BD-RjUL)38043
040 _aBD-RjUL
_beng
_cBD-RjUL
041 _aeng
082 _a954.924
_bCHR 1901
100 _aচৌধুরী, কালীনাথ
_9117531
245 _aরাজশাহীর সংক্ষিপ্ত ইতিহাস /
_cকালীনাথ চৌধুরী
260 _aহুগলী :
_bর‌্যাঘু কালীনাথ চোধুরী,
_c১৯০১
300 _a৩৪৬ পৃ.;
_c২১ সেমি.
651 _aবাংলাদেশ
_zরাজশাহী
_xইতিহাস
_9234961
651 _aBangladesh
_zRajshahi
_xHistory
_9234962
942 _2ddc
_cBK
999 _c37938
_d37938